[Event "Sydney International Open"]
[Site "Parramatta, NSW"]
[Date "2010.04.07"]
[Round "2.22"]
[White "Chowdhury, Sohel"]
[Black "Jule, Alexandra"]
[Result "1/2-1/2"]
[WhiteElo "2190"]
[BlackElo "1938"]
[PlyCount "88"]
[EventDate "2010.04.07"]
[EventType "swiss"]
[EventRounds "9"]
[EventCountry "AUS"]
[SourceDate "2010.04.07"]

1. e4 e6 2. d4 d5 3. exd5 exd5 4. Nf3 Bd6 5. Bd3 Nf6 6. O-O O-O 7. h3 h6 8. c4
dxc4 9. Bxc4 Bf5 10. Nc3 a6 11. Be3 Nc6 12. a3 Qd7 13. Re1 b5 14. Bf1 b4 15.
axb4 Nxb4 16. Rc1 Rfe8 17. Qd2 Nbd5 18. Bc4 Nxc3 19. bxc3 Bxh3 20. gxh3 Qxh3
21. Ne5 Bxe5 22. dxe5 Rxe5 23. Bf1 Qg4+ 24. Bg2 Rae8 25. Bd4 Rg5 26. f3 Qf5 27.
Bxf6 Rxe1+ 28. Rxe1 Qxf6 29. Re8+ Kh7 30. Qd3+ g6 31. Kf2 c5 32. Re4 Qb6 33.
Qc4 Qc7 34. Kf1 a5 35. Qe2 Kg7 36. c4 Qb8 37. Qa2 Qd8 38. Qb2+ Kh7 39. Qe2 Qf6
40. Re7 a4 41. Ra7 Qa1+ 42. Kf2 Qd4+ 43. Kf1 Qa1+ 44. Kf2 Qd4+ 1/2-1/2

[Event "Sydney International Open"]
[Site "Parramatta, NSW"]
[Date "2010.04.07"]
[Round "2.23"]
[White "Stead, Kerry"]
[Black "Yu, Sally"]
[Result "1-0"]
[WhiteElo "2087"]
[BlackElo "1933"]
[PlyCount "83"]
[EventDate "2010.04.07"]
[EventType "swiss"]
[EventRounds "9"]
[EventCountry "AUS"]
[SourceDate "2010.04.07"]

1. d4 d5 2. e4 e6 3. Be3 Nf6 4. e5 Nfd7 5. f4 c5 6. c3 Nc6 7. Nf3 Qb6 8. Qd2
Ne7 9. Be2 Nf5 10. Bf2 Qc7 11. O-O Nb6 12. b3 Be7 13. a4 O-O 14. Na3 a6 15. Nc2
Bd7 16. g4 Nh6 17. Ne3 f6 18. exf6 gxf6 19. Bg3 Bd6 20. a5 Nc8 21. Nh4 Ne7 22.
Rf2 Nc6 23. Nxd5 exd5 24. dxc5 Be7 25. f5 Qd8 26. Qxh6 Bxc5 27. Bf3 Ne7 28. Re1
Rf7 29. b4 Bxf2+ 30. Bxf2 Bc6 31. Bd4 Qf8 32. Qd2 Qg7 33. Ng2 Rd8 34. Kf2 Qf8
35. Nf4 Qh6 36. Kg3 Rg7 37. Qd3 Bb5 38. Qc2 Rg5 39. Rxe7 Rd7 40. Rxd7 Bxd7 41.
Bxd5+ Kg7 42. Ne6+ 1-0

[Event "Sydney International Open"]
[Site "Parramatta, NSW"]
[Date "2010.04.07"]
[Round "2.24"]
[White "Lee, Bryan"]
[Black "Jackson, Ralph"]
[Result "0-1"]
[WhiteElo "1930"]
[BlackElo "2081"]
[PlyCount "86"]
[EventDate "2010.04.07"]
[EventType "swiss"]
[EventRounds "9"]
[EventCountry "AUS"]
[SourceDate "2010.04.07"]

1. e4 g6 2. d4 Bg7 3. f4 d5 4. e5 h5 5. Nf3 Nh6 6. c4 c6 7. Nc3 O-O 8. cxd5
cxd5 9. Qb3 Nc6 10. Bd3 Bf5 11. Be2 Bg4 12. O-O Nf5 13. Rd1 Bxf3 14. Bxf3 Ncxd4
15. Qxd5 Qb6 16. Kh1 Nc2 17. Rb1 Nce3 18. Bxe3 Nxe3 19. Qxb7 Qxb7 20. Bxb7 Nxd1
21. Rxd1 Rad8 22. Rb1 Rd7 23. Bc6 Rd4 24. g3 Rfd8 25. a4 a5 26. Be4 e6 27. Kg1
Bf8 28. Bf3 Rb4 29. b3 Rd3 30. Na2 Rbxb3 31. Rxb3 Rxb3 32. Bc6 Rb1+ 33. Kg2
Rb2+ 34. Kf3 Rxa2 35. h3 Bc5 36. g4 Ra3+ 37. Kg2 h4 38. g5 Rg3+ 39. Kh2 Bg1+
40. Kh1 Be3 41. Kh2 Bxf4 42. Be8 Bxe5 43. Bd7 Rd3+ 0-1

[Event "Sydney International Open"]
[Site "Parramatta, NSW"]
[Date "2010.04.07"]
[Round "2.25"]
[White "Morris, Michael"]
[Black "Voon, Richard"]
[Result "1-0"]
[WhiteElo "2048"]
[BlackElo "1915"]
[PlyCount "45"]
[EventDate "2010.04.07"]
[EventType "swiss"]
[EventRounds "9"]
[EventCountry "AUS"]
[SourceDate "2010.04.07"]

1. e4 c5 2. Nf3 d6 3. d4 cxd4 4. Nxd4 Nf6 5. Nc3 a6 6. Bc4 e6 7. O-O Be7 8. Bb3
Bd7 9. f4 Nc6 10. Kh1 O-O 11. f5 Nxd4 12. Qxd4 e5 13. Qd3 Bc6 14. Be3 b5 15.
Nd5 Bxd5 16. Bxd5 Nxd5 17. Qxd5 Qc7 18. Rac1 Rac8 19. b3 Qc6 20. c4 Rfd8 21.
Qxc6 Rxc6 22. cxb5 axb5 23. Rxc6 1-0

[Event "Sydney International Open"]
[Site "Parramatta, NSW"]
[Date "2010.04.07"]
[Round "2.26"]
[White "Deen Cowell, Nicholas Andrew"]
[Black "Kumar, Manoj"]
[Result "1/2-1/2"]
[WhiteElo "1896"]
[BlackElo "2040"]
[PlyCount "74"]
[EventDate "2010.04.07"]
[EventType "swiss"]
[EventRounds "9"]
[EventCountry "AUS"]
[SourceDate "2010.04.07"]

1. e4 e5 2. Nf3 Nc6 3. Bb5 a6 4. Ba4 Nf6 5. O-O Be7 6. Re1 b5 7. Bb3 O-O 8. c3
d6 9. d4 Bb7 10. Nbd2 Re8 11. Nf1 Bf8 12. Ng3 g6 13. h3 Bg7 14. a4 Na5 15. Bc2
Nc4 16. Bd3 c6 17. Bxc4 bxc4 18. dxe5 dxe5 19. Qxd8 Raxd8 20. Nd2 c5 21. Nxc4
h5 22. f3 Bc6 23. Be3 Bf8 24. Nf1 Rb8 25. Bf2 Nd7 26. Nfe3 Nb6 27. Nxb6 Rxb6
28. Nc4 Rbb8 29. Bh4 Kg7 30. Red1 f6 31. Na5 Ba8 32. Rd2 g5 33. Bf2 Kg6 34. g4
Rec8 35. b3 Bc6 36. Nxc6 Rxc6 37. Rb1 Rcb6 1/2-1/2

[Event "Sydney International Open"]
[Site "Parramatta, NSW"]
[Date "2010.04.07"]
[Round "2.28"]
[White "Stojic, Svetozar"]
[Black "Encel, Benjamin"]
[Result "1-0"]
[WhiteElo "2013"]
[BlackElo "1884"]
[PlyCount "45"]
[EventDate "2010.04.07"]
[EventType "swiss"]
[EventRounds "9"]
[EventCountry "AUS"]
[SourceDate "2010.04.07"]

1. e4 c5 2. Nf3 Nc6 3. d4 cxd4 4. Nxd4 Nf6 5. Nc3 g6 6. Be3 Bg7 7. Bc4 d6 8. f3
Bd7 9. Qd2 Rc8 10. Bb3 Ne5 11. Bh6 Bxh6 12. Qxh6 Qb6 13. O-O-O Nc4 14. Rhe1 e5
15. Qg7 Ke7 16. Bxc4 Rxc4 17. Qxh8 Rxd4 18. Rxd4 Qxd4 19. Rd1 Qe3+ 20. Kb1 Qf2
21. Qb8 Qb6 22. g4 Ke6 23. Qf8 1-0

[Event "Sydney International Open"]
[Site "Parramatta, NSW"]
[Date "2010.04.07"]
[Round "2.29"]
[White "Tan, Kevin"]
[Black "Zulfic, Fedja"]
[Result "1/2-1/2"]
[WhiteElo "1882"]
[BlackElo "2008"]
[PlyCount "87"]
[EventDate "2010.04.07"]
[EventType "swiss"]
[EventRounds "9"]
[EventCountry "AUS"]
[SourceDate "2010.04.07"]

1. Nf3 d5 2. d4 e6 3. c4 c6 4. g3 f5 5. Bg2 Nf6 6. Bg5 Bd6 7. Nc3 O-O 8. O-O
Nbd7 9. Bf4 Bxf4 10. gxf4 Ne4 11. cxd5 exd5 12. Ne5 Qh4 13. e3 Rf6 14. f3 Nxc3
15. bxc3 Rh6 16. h3 Nxe5 17. dxe5 Qg3 18. Kh1 {White offered a draw.} Bd7 19.
Qe1 Qg6 20. c4 Qe6 21. c5 b6 22. Qb4 b5 23. Qa5 Qe8 24. a4 a6 25. Rfb1 Rg6 {
Black offered a draw.} 26. Qd2 Be6 27. Ra3 Qb8 28. e4 Rh6 29. axb5 axb5 30.
Rba1 Rxa3 31. Rxa3 fxe4 32. fxe4 dxe4 33. Qe1 Qe8 34. Qa1 Bc8 35. Bxe4 Bxh3 36.
Kg1 Bc8 37. Ra8 Qd7 38. f5 Rh4 39. e6 Rg4+ 40. Bg2 Rxg2+ 41. Kxg2 Qd2+ 42. Kf3
Qd3+ {Black offered a draw.} 43. Kf4 Qd2+ 44. Kf3 1/2-1/2

[Event "Sydney International Open"]
[Site "Parramatta, NSW"]
[Date "2010.04.07"]
[Round "2.30"]
[White "Bennett, Hilton"]
[Black "Smirnov, Anton"]
[Result "0-1"]
[WhiteElo "2001"]
[BlackElo "1868"]
[PlyCount "78"]
[EventDate "2010.04.07"]
[EventType "swiss"]
[EventRounds "9"]
[EventCountry "AUS"]
[SourceDate "2010.04.07"]

1. e4 e5 2. d4 exd4 3. Qxd4 Nc6 4. Qe3 Nf6 5. Nc3 Bb4 6. Bd2 O-O 7. O-O-O Re8
8. Qg3 Rxe4 9. a3 Bd6 10. f4 Bc5 11. Bd3 Re8 12. Qh4 d5 13. Nf3 d4 14. Ng5 h6
15. Na4 Be7 16. Rde1 Qd5 17. b3 b5 18. Nb2 Bf5 19. Bxf5 Qxf5 20. Qh3 Qxh3 21.
Nxh3 Bxa3 22. Kb1 Ne4 23. Rd1 Bb4 24. Bxb4 Nxb4 25. Rde1 a5 26. Nd3 Nxd3 27.
cxd3 Nc3+ 28. Kb2 a4 29. Nf2 a3+ 30. Kc2 a2 31. Rxe8+ Rxe8 32. Ne4 Nxe4 33.
dxe4 Rxe4 34. Kd3 Re3+ 35. Kxd4 Rxb3 36. Ra1 Rb2 37. g4 b4 38. g5 hxg5 39. fxg5
b3 0-1

[Event "Sydney International Open"]
[Site "Parramatta, NSW"]
[Date "2010.04.07"]
[Round "2.31"]
[White "Christensen, Joshua"]
[Black "Descallar, Levi"]
[Result "0-1"]
[WhiteElo "1838"]
[BlackElo "1979"]
[PlyCount "134"]
[EventDate "2010.04.07"]
[EventType "swiss"]
[EventRounds "9"]
[EventCountry "AUS"]
[SourceDate "2010.04.07"]

1. d4 d5 2. c4 c6 3. Nc3 Nf6 4. Nf3 dxc4 5. a4 g6 6. e4 Be6 7. Ng5 Qd7 8. e5
Nd5 9. Nce4 Nb4 10. Nc5 Qd5 11. Ncxe6 fxe6 12. Be3 Nd7 13. Rc1 b5 14. Be2 Nd3+
15. Bxd3 cxd3 16. O-O h6 17. Nf3 Kf7 18. Qxd3 Bg7 19. Qc2 Rhc8 20. Nh4 Nf8 21.
Qd2 Qe4 22. f4 Rd8 23. Qf2 Kg8 24. axb5 cxb5 25. Rc7 Rdc8 26. Rfc1 Rxc7 27.
Rxc7 Qb1+ 28. Rc1 Qe4 29. Nf3 a5 30. Nd2 Qb7 31. Nb3 a4 32. Nc5 Qd5 33. Qe2 Rb8
34. Qc2 g5 35. fxg5 hxg5 36. Qf2 Ng6 37. Bxg5 Rf8 38. Qe3 Rf5 39. Ne4 Nxe5 40.
dxe5 Bxe5 41. Qh3 Bd4+ 42. Kh1 Qxe4 43. Rc8+ Rf8 44. Rxf8+ Kxf8 45. Bh6+ Kf7
46. Qh5+ Qg6 47. Qf3+ Qf5 48. Bc1 Qxf3 49. gxf3 Kf6 50. Kg2 Kf5 51. h4 Be5 52.
h5 b4 53. h6 Kg6 54. Kf2 Bd6 55. Ke2 a3 56. bxa3 bxa3 57. Kd3 a2 58. Bb2 Kxh6
59. Kc2 Kg6 60. Kb3 Kf5 61. Kxa2 Kf4 62. Kb3 Kxf3 63. Kc4 e5 64. Bc3 e4 65. Ba5
e3 66. Be1 Ke2 67. Bh4 Kd1 0-1

[Event "Sydney International Open"]
[Site "Parramatta, NSW"]
[Date "2010.04.07"]
[Round "2.32"]
[White "Grigg, Sam"]
[Black "Barisic, Frank"]
[Result "1-0"]
[WhiteElo "1979"]
[BlackElo "1833"]
[PlyCount "75"]
[EventDate "2010.04.07"]
[EventType "swiss"]
[EventRounds "9"]
[EventCountry "AUS"]
[SourceDate "2010.04.07"]

1. c4 e5 2. Nc3 Nf6 3. g3 b6 4. Nf3 d6 5. Bg2 Be7 6. O-O O-O 7. e4 Be6 8. Qe2
h6 9. d4 exd4 10. Nxd4 Bg4 11. f3 Bh5 12. Be3 Re8 13. Nf5 Bf8 14. Qd2 Na6 15.
Rad1 Re6 16. Nh4 Re8 17. g4 Bg6 18. Nxg6 fxg6 19. h4 Nh7 20. g5 Nc5 21. b4 Ne6
22. f4 hxg5 23. hxg5 Be7 24. Bh3 Nef8 25. a3 Nd7 26. Be6+ Kh8 27. Bf7 Rf8 28.
Bxg6 Bxg5 29. fxg5 Ne5 30. Bxh7 Kxh7 31. Qh2+ Kg8 32. Bf4 Qe7 33. Bxe5 dxe5 34.
Qh5 Rxf1+ 35. Rxf1 Rf8 36. Rxf8+ Qxf8 37. g6 Qf6 38. Qf5 1-0

[Event "Sydney International Open"]
[Site "Parramatta, NSW"]
[Date "2010.04.07"]
[Round "2.33"]
[White "Cheung, Benjamin"]
[Black "Gu, Sean"]
[Result "1-0"]
[WhiteElo "1946"]
[BlackElo "1819"]
[PlyCount "131"]
[EventDate "2010.04.07"]
[EventType "swiss"]
[EventRounds "9"]
[EventCountry "AUS"]
[SourceDate "2010.04.07"]

1. e4 c5 2. c3 d5 3. exd5 Qxd5 4. d4 Nc6 5. Nf3 Bg4 6. Be2 e6 7. h3 Bh5 8. O-O
Nf6 9. Na3 cxd4 10. Nb5 Qd7 11. Nbxd4 Be7 12. Nxc6 Qxc6 13. Qb3 O-O 14. Nd4 Qc7
15. Bxh5 Nxh5 16. Re1 Bc5 17. Be3 Bxd4 18. Bxd4 Qc6 19. Qd1 Nf4 20. Qg4 Ng6 21.
h4 f5 22. Qg5 Rf7 23. h5 Ne7 24. h6 g6 25. Re5 Nd5 26. Rae1 Re8 27. Qd2 b6 28.
b3 Nf6 29. f3 Nd7 30. R5e3 Qd6 31. Rd3 Nc5 32. Bxc5 Qxc5+ 33. Kf1 Qe7 34. Rd1
Qf6 35. Rd8 Rxd8 36. Qxd8+ Qxd8 37. Rxd8+ Rf8 38. Rxf8+ Kxf8 39. f4 Ke7 40. Ke2
Kd6 41. Kd3 e5 42. fxe5+ Kxe5 43. c4 Kd6 44. Kd4 a6 45. a3 g5 46. g3 g4 47. b4
a5 48. bxa5 bxa5 49. c5+ Kc6 50. Ke5 Kxc5 51. Kxf5 a4 52. Ke5 Kc4 53. Kf6 Kb3
54. Kg7 Kxa3 55. Kxh7 Kb2 56. Kg6 a3 57. h7 a2 58. h8=Q+ Kb1 59. Kg5 a1=Q 60.
Qxa1+ Kxa1 61. Kxg4 Kb2 62. Kf5 Kc3 63. g4 Kd4 64. g5 Kd5 65. g6 Kd6 66. Kf6
1-0

[Event "Sydney International Open"]
[Site "Parramatta, NSW"]
[Date "2010.04.07"]
[Round "2.34"]
[White "Rachmadi, Herman"]
[Black "Maroroa, Sue"]
[Result "1-0"]
[WhiteElo "1823"]
[BlackElo "1945"]
[PlyCount "123"]
[EventDate "2010.04.07"]
[EventType "swiss"]
[EventRounds "9"]
[EventCountry "AUS"]
[SourceDate "2010.04.07"]

1. d4 Nf6 2. c4 c5 3. e3 g6 4. Nc3 cxd4 5. exd4 Bg7 6. Nf3 O-O 7. Bd3 d5 8. c5
Nc6 9. O-O Bg4 10. Be2 Re8 11. h3 Bf5 12. a3 Ne4 13. Be3 Rc8 14. Rc1 Nxc3 15.
bxc3 e5 16. Qb3 exd4 17. cxd4 Rc7 18. Ra1 Be4 19. Qa2 Ne7 20. Bf4 Rc8 21. Qb3
Qd7 22. Bb5 Nc6 23. Bd6 a6 24. Ne5 Bxe5 25. Bxc6 bxc6 26. Bxe5 Bf5 27. g4 Be6
28. Rab1 Qe7 29. Qf3 f5 30. Rb6 fxg4 31. hxg4 Qd7 32. Qf6 Rf8 33. Qh8+ Kf7 34.
Qxh7+ Ke8 35. Qxg6+ Bf7 36. Qf5 Be6 37. Qh5+ Kd8 38. Qh4+ Ke8 39. Rfb1 Rg8 40.
g5 Bf5 41. R1b3 Qh7 42. Qg3 Qh5 43. Bf6 Qd1+ 44. Kh2 Qh5+ 45. Kg2 Kf7 46. Rb7+
Kg6 47. Re3 Qd1 48. Qh4 Qh5 49. Qxh5+ Kxh5 50. Re5 Bd3 51. Kg3 Rcf8 52. Kh3
Bf1+ 53. Kh2 Kg4 54. Re1 Bd3 55. Re3 Be4 56. Rg3+ Kf5 57. f3 Bd3 58. Re7 Bb5
59. Re5+ Kf4 60. Kg2 Bf1+ 61. Kf2 Rxf6 62. Rg4# 1-0

[Event "Sydney International Open"]
[Site "Parramatta, NSW"]
[Date "2010.04.07"]
[Round "2.35"]
[White "Holland, Dennis"]
[Black "Brockman, Roland"]
[Result "1-0"]
[WhiteElo "1944"]
[BlackElo "1743"]
[PlyCount "69"]
[EventDate "2010.04.07"]
[EventType "swiss"]
[EventRounds "9"]
[EventCountry "AUS"]
[SourceDate "2010.04.07"]

1. d4 d5 2. c4 e6 3. Nf3 Nf6 4. e3 Be7 5. Bd3 dxc4 6. Bxc4 O-O 7. O-O b6 8. Qe2
Bb7 9. b3 Nbd7 10. Nc3 c5 11. Rd1 Nd5 12. Nxd5 exd5 13. Bd3 Bf6 14. Bb2 Re8 15.
Qd2 Rc8 16. Rac1 Nb8 17. Rc2 Nc6 18. Bf5 Rc7 19. dxc5 Bxb2 20. cxb6 axb6 21.
Rxb2 Ne5 22. Nxe5 Rxe5 23. Bd3 Rh5 24. Be2 Rh6 25. Qd4 Rd7 26. Rbd2 Qb8 27. h3
Rdd6 28. Qf4 g5 29. Qg3 Qd8 30. Rd4 f5 31. Qe5 g4 32. Qg3 Rh4 33. Bc4 Rhh6 34.
Rxd5 Bxd5 35. Rxd5 1-0

[Event "Sydney International Open"]
[Site "Parramatta, NSW"]
[Date "2010.04.07"]
[Round "2.36"]
[White "Ruan, Harry"]
[Black "Wang, Oscar"]
[Result "1/2-1/2"]
[WhiteElo "1801"]
[BlackElo "1943"]
[PlyCount "82"]
[EventDate "2010.04.07"]
[EventType "swiss"]
[EventRounds "9"]
[EventCountry "AUS"]
[SourceDate "2010.04.07"]

1. e4 c5 2. Nf3 e6 3. c3 d5 4. exd5 exd5 5. d4 Nc6 6. Be3 cxd4 7. cxd4 Nf6 8.
Nc3 Bf5 9. Bb5 a6 10. Ba4 Bd6 11. O-O O-O 12. Bb3 Bc7 13. Bg5 Be6 14. Bxf6 gxf6
15. Bc2 Kh8 16. Nh4 Rg8 17. Qh5 Rg7 18. Qd1 Qd6 19. g3 Qf4 20. Kh1 Qxd4 21. Nf5
Qxd1 22. Raxd1 Rg5 23. Nxd5 Bxd5+ 24. Rxd5 Nb4 25. Rd7 Nxc2 26. Rxc7 Rxf5 27.
Rxc2 Kg7 28. Kg2 Rd8 29. Re1 Rd7 30. Re8 Kh6 31. Re4 Kg7 32. Rg4+ Rg5 33. Rgc4
Re5 34. Rc7 Rxc7 35. Rxc7 b5 36. Rc2 Kg6 37. f4 Re6 38. Kf3 f5 39. Rd2 Kf6 40.
Rc2 h5 41. Rd2 Kg6 1/2-1/2

[Event "Sydney International Open"]
[Site "Parramatta, NSW"]
[Date "2010.04.07"]
[Round "2.37"]
[White "Guo, Emma"]
[Black "Perera, Pasan"]
[Result "1-0"]
[WhiteElo "1941"]
[BlackElo "1575"]
[PlyCount "93"]
[EventDate "2010.04.07"]
[EventType "swiss"]
[EventRounds "9"]
[EventCountry "AUS"]
[SourceDate "2010.04.07"]

1. e4 c5 2. Nc3 Nc6 3. f4 d6 4. Nf3 Nf6 5. Bb5 Bd7 6. d3 g6 7. O-O Bg7 8. Bxc6
bxc6 9. Qe1 O-O 10. Qh4 Rb8 11. f5 e6 12. Ng5 exf5 13. exf5 gxf5 14. Rf3 h6 15.
Nh3 Ng4 16. Qg3 Re8 17. Rf1 Qf6 18. Nd1 Re2 19. c3 Ree8 20. Nf4 Kh7 21. Nf2
Nxf2 22. Qxf2 Rg8 23. Be3 Rbe8 24. d4 c4 25. b3 d5 26. Rab1 c5 27. Nxd5 Qe6 28.
bxc4 Bc6 29. Bd2 Bxd5 30. cxd5 Qxd5 31. Rb5 Bxd4 32. cxd4 Rxg2+ 33. Qxg2 Rg8
34. Qxg8+ Kxg8 35. Rbb1 Qxd4+ 36. Rf2 c4 37. Rc1 h5 38. Bc3 Qe3 39. Rcc2 h4 40.
Bb2 Qe4 41. h3 Qd3 42. Rcd2 Qe3 43. Rde2 Qc5 44. Re5 Qc7 45. Re8+ Kh7 46. Rh8+
Kg6 47. Rg2+ 1-0

[Event "Sydney International Open"]
[Site "Parramatta, NSW"]
[Date "2010.04.08"]
[Round "3.1"]
[White "Chao, Li"]
[Black "Macak, Stefan"]
[Result "1-0"]
[WhiteElo "2613"]
[BlackElo "2470"]
[PlyCount "105"]
[EventDate "2010.04.07"]
[EventType "swiss"]
[EventRounds "9"]
[EventCountry "AUS"]
[SourceDate "2010.04.07"]

1. e4 e6 2. d4 d5 3. Nc3 Bb4 4. e5 c5 5. a3 Bxc3+ 6. bxc3 Qc7 7. Qg4 f5 8. Qg3
cxd4 9. cxd4 Ne7 10. Bd2 O-O 11. Bd3 b6 12. Ne2 Ba6 13. h4 Bxd3 14. cxd3 Nbc6
15. Rc1 Qd7 16. Qf4 a5 17. h5 h6 18. O-O b5 19. Rb1 Rab8 20. Nc1 Qe8 21. Qh4 f4
22. Ne2 Nf5 23. Qg4 Nfxd4 24. Nxd4 Nxd4 25. Rb2 Rf5 26. Bxf4 Rxh5 27. Rc1 Qf7
28. Bd2 Nf5 29. g3 Ne7 30. d4 Rf5 31. Bxh6 Ng6 32. Be3 Nf8 33. Rc5 Qe8 34. Qe2
b4 35. Rxa5 bxa3 36. Rxa3 Rxb2 37. Qxb2 Qh5 38. Qc1 Qf3 39. Bf4 Qe4 40. Qd1 Rf7
41. Qd3 Qe1+ 42. Kg2 Rb7 43. Bd2 Qd1 44. Be3 Qg4 45. Ra8 Rc7 46. f3 Qf5 47.
Qxf5 exf5 48. e6 Re7 49. Bd2 Rxe6 50. Bb4 Rf6 51. Kf2 g6 52. Ke3 g5 53. Kd3 1-0

[Event "Sydney International Open"]
[Site "Parramatta, NSW"]
[Date "2010.04.08"]
[Round "3.2"]
[White "Barua, Dibyendu"]
[Black "Zhao, Zong Yuan"]
[Result "1/2-1/2"]
[WhiteElo "2479"]
[BlackElo "2592"]
[PlyCount "45"]
[EventDate "2010.04.07"]
[EventType "swiss"]
[EventRounds "9"]
[EventCountry "AUS"]
[SourceDate "2010.04.07"]

1. e4 c5 2. Nf3 d6 3. d4 cxd4 4. Nxd4 Nf6 5. Nc3 a6 6. Be2 e6 7. f4 Qc7 8. a4
Be7 9. O-O O-O 10. Kh1 b6 11. Bf3 Bb7 12. Qe2 Nc6 13. Be3 Nxd4 14. Bxd4 e5 15.
Be3 Bc6 16. Qc4 Qb7 17. Nd5 Bxd5 18. exd5 Rac8 19. Qd3 exf4 20. Bxf4 Rfe8 21.
c4 a5 22. b3 Qc7 23. Rae1 1/2-1/2

[Event "Sydney International Open"]
[Site "Parramatta, NSW"]
[Date "2010.04.08"]
[Round "3.3"]
[White "Malaniuk, Vladimir"]
[Black "Solomon, Stephen"]
[Result "1/2-1/2"]
[WhiteElo "2582"]
[BlackElo "2426"]
[PlyCount "31"]
[EventDate "2010.04.07"]
[EventType "swiss"]
[EventRounds "9"]
[EventCountry "AUS"]
[SourceDate "2010.04.07"]

1. d4 d5 2. c4 e6 3. Nf3 c6 4. e3 Nf6 5. Bd3 Nbd7 6. b3 Bd6 7. Bb2 O-O 8. O-O
Ne4 9. Qc2 f5 10. Ne5 Qf6 11. f4 Qe7 12. Nd2 Nxd2 13. Qxd2 Nf6 14. a4 Bd7 15.
c5 Bxe5 16. dxe5 1/2-1/2

[Event "Sydney International Open"]
[Site "Parramatta, NSW"]
[Date "2010.04.08"]
[Round "3.4"]
[White "Xie, George"]
[Black "Jones, Gawain"]
[Result "0-1"]
[WhiteElo "2470"]
[BlackElo "2556"]
[PlyCount "64"]
[EventDate "2010.04.07"]
[EventType "swiss"]
[EventRounds "9"]
[EventCountry "AUS"]
[SourceDate "2010.04.07"]

1. d4 Nf6 2. Nf3 d6 3. Bg5 Nbd7 4. Nbd2 h6 5. Bh4 g5 6. Bg3 Nh5 7. e4 Bg7 8. c3
e6 9. Qb3 a6 10. a4 b6 11. Bc4 Qe7 12. O-O O-O 13. Rfe1 g4 14. Nh4 Bf6 15. Qd1
Bxh4 16. Qxg4+ Bg5 17. f4 Ndf6 18. Qf3 e5 19. fxg5 hxg5 20. Nf1 Bg4 21. Qf2 Be6
22. Bd5 Rad8 23. dxe5 dxe5 24. Bxe5 Ng4 25. Qf3 Nxe5 26. Qe2 Nf4 27. Qxa6 Bxd5
28. exd5 Qc5+ 29. Ne3 Ned3 30. b4 Qxc3 31. Nf5 Nxe1 32. Ra2 Qd3 0-1

[Event "Sydney International Open"]
[Site "Parramatta, NSW"]
[Date "2010.04.08"]
[Round "3.5"]
[White "Panchanathan, Magesh Chandran"]
[Black "Lahiri, Atanu"]
[Result "1-0"]
[WhiteElo "2543"]
[BlackElo "2368"]
[PlyCount "63"]
[EventDate "2010.04.07"]
[EventType "swiss"]
[EventRounds "9"]
[EventCountry "AUS"]
[SourceDate "2010.04.07"]

1. Nf3 Nf6 2. g3 g6 3. Bg2 Bg7 4. O-O O-O 5. d4 d6 6. a4 a5 7. Re1 Nbd7 8. e4
e5 9. Nc3 c6 10. h3 Re8 11. Be3 exd4 12. Nxd4 Nc5 13. f3 Qb6 14. Nb3 Qb4 15.
Na2 Qxa4 16. Bf1 Nh5 17. Nac1 Qb4 18. c3 Bxc3 19. bxc3 Qxc3 20. Bd4 Qb4 21. g4
Nf4 22. Be3 Nce6 23. Na2 Qa3 24. Nc3 Qb4 25. Na4 d5 26. Nbc5 Ng5 27. Bxf4 Qxe1
28. Qxe1 Nxf3+ 29. Kf2 Nxe1 30. Rxe1 b5 31. Nb6 Ra7 32. exd5 1-0

[Event "Sydney International Open"]
[Site "Parramatta, NSW"]
[Date "2010.04.08"]
[Round "3.6"]
[White "Roy Chowdhury, Saptarshi"]
[Black "Smerdon, David"]
[Result "1/2-1/2"]
[WhiteElo "2429"]
[BlackElo "2530"]
[PlyCount "22"]
[EventDate "2010.04.07"]
[EventType "swiss"]
[EventRounds "9"]
[EventCountry "AUS"]
[SourceDate "2010.04.07"]

1. Nf3 Nf6 2. d4 d5 3. e3 g6 4. Nbd2 Bg7 5. b4 Bf5 6. c4 c6 7. Be2 O-O 8. O-O
Nbd7 9. Bb2 h6 10. a4 g5 11. b5 Ne4 1/2-1/2

[Event "Sydney International Open"]
[Site "Parramatta, NSW"]
[Date "2010.04.08"]
[Round "3.7"]
[White "Kunte, Abhijit"]
[Black "Rej, Tomek"]
[Result "1-0"]
[WhiteElo "2528"]
[BlackElo "2348"]
[PlyCount "51"]
[EventDate "2010.04.07"]
[EventType "swiss"]
[EventRounds "9"]
[EventCountry "AUS"]
[SourceDate "2010.04.07"]

1. d4 Nf6 2. c4 e6 3. Nf3 Bb4+ 4. Nbd2 c5 5. a3 Bxd2+ 6. Qxd2 cxd4 7. Nxd4 O-O
8. e3 a6 9. Be2 e5 10. Nf3 Nc6 11. b4 d5 12. Bb2 e4 13. Nd4 Ne5 14. cxd5 Qxd5
15. Rc1 Bg4 16. Rc5 Qd6 17. f3 exf3 18. gxf3 Bh3 19. Rg1 Rad8 20. Rg3 Bd7 21.
Nb3 Qxd2+ 22. Nxd2 Ng6 23. h4 h5 24. Bc4 Kh7 25. Ne4 Rde8 26. Bxf6 1-0

[Event "Sydney International Open"]
[Site "Parramatta, NSW"]
[Date "2010.04.08"]
[Round "3.8"]
[White "Sharma, Dinesh Kumar"]
[Black "Bojkov, Dejan"]
[Result "0-1"]
[WhiteElo "2361"]
[BlackElo "2505"]
[PlyCount "90"]
[EventDate "2010.04.07"]
[EventType "swiss"]
[EventRounds "9"]
[EventCountry "AUS"]
[SourceDate "2010.04.07"]

1. e4 e5 2. Nf3 Nc6 3. Bb5 a6 4. Ba4 Nf6 5. O-O Be7 6. Re1 b5 7. Bb3 d6 8. c3
O-O 9. h3 Na5 10. Bc2 c5 11. d4 Qc7 12. Nbd2 Bd7 13. dxe5 dxe5 14. Nh2 c4 15.
Qf3 Nb7 16. Ndf1 Nc5 17. b4 cxb3 18. axb3 Be6 19. Rb1 a5 20. Ng4 Nxg4 21. hxg4
a4 22. bxa4 Nxa4 23. Bd2 Rfd8 24. Red1 Qc8 25. Bb3 Qc6 26. Bxe6 {
White offered a draw.} fxe6 27. Rdc1 Nb6 28. Be1 Ra2 29. Ra1 Ra4 30. Rab1 Nc4
31. Qe2 Na3 32. Ra1 Rxe4 33. Qf3 Rf8 34. Qd1 Bc5 35. Ra2 Nc4 36. Ng3 Ref4 37.
Qe2 g6 38. Nf1 e4 39. Ng3 Ne5 40. Rb1 Nd3 41. Nh1 Bb6 42. Rd1 R4f7 43. Rb1 Qd5
44. c4 Qxc4 45. Rc2 Qd5 0-1

[Event "Sydney International Open"]
[Site "Parramatta, NSW"]
[Date "2010.04.08"]
[Round "3.9"]
[White "Teichmann, Erik OMC"]
[Black "Lane, Gary"]
[Result "0-1"]
[WhiteElo "2325"]
[BlackElo "2380"]
[PlyCount "124"]
[EventDate "2010.04.07"]
[EventType "swiss"]
[EventRounds "9"]
[EventCountry "AUS"]
[SourceDate "2010.04.07"]

1. b4 e5 2. Bb2 Bxb4 3. Bxe5 Nf6 4. c4 O-O 5. Nf3 Re8 6. e3 d5 7. Bb2 c5 8.
cxd5 Nxd5 9. Be2 Nc6 10. O-O Bf5 11. d4 Qe7 12. Ne5 Nxe5 13. dxe5 Red8 14. Qb3
Rac8 15. Na3 Nb6 16. Nc4 Be6 17. Rfd1 Rxd1+ 18. Rxd1 Rd8 19. Rc1 Rd2 20. Bf1
Qh4 21. g3 Qh5 22. Bc3 Bxc3 23. Qxc3 Rxa2 24. Nxb6 axb6 25. Bc4 Qf3 26. Bxa2
Bh3 27. Bd5 Qxd5 28. f3 Qxf3 29. Qd2 h6 30. Qd8+ Kh7 31. Qd3+ Bf5 32. Rf1 Bxd3
33. Rxf3 Kg6 34. Kf2 b5 35. Ke1 c4 36. Kd2 b4 37. Rf4 b5 38. Rd4 b3 39. Rd6+
Kf5 40. e6 fxe6 41. Rb6 Ke4 42. Kc3 Kxe3 43. Rxe6+ Kf3 44. Rb6 Kg2 45. h4 h5
46. Rxb5 g6 47. Rd5 Kxg3 48. Rd4 Kf3 49. Rd8 Kg3 50. Rd4 Kh3 51. Rf4 Be2 52.
Rf6 Kxh4 53. Rxg6 Kh3 54. Rg8 h4 55. Rg7 Kh2 56. Rg8 h3 57. Rg7 Kh1 58. Rg8 h2
59. Rg6 Bf3 60. Kxc4 b2 61. Rb6 Be2+ 62. Kc3 Kg1 0-1